| 000 | 00352nam a2200145Ia 4500 | ||
|---|---|---|---|
| 008 | 260330s9999 xx 000 0 und d | ||
| 020 | _a9.7881219222e+012 | ||
| 082 |
_a332.4 _bCAU/M |
||
| 100 | _aCauvery, R. | ||
| 245 | 0 | _aMonetary Economics | |
| 250 | _a1st | ||
| 260 |
_aNew Delhi _bS.Chand And Company Ltd _c2023 |
||
| 300 | _a356p. | ||
| 942 | _cBK | ||
| 999 |
_c53295 _d53295 |
||